000
00490nam a2200169Ia 4500
008
090711s9999 xx 000 0 und d
082
_b
60383
100
_a
वाळिंबे वि. स.
245
_a
फसलेला क्षण
260
_c
1974
300
_a
98
600
_a
वाळिंबे वि. स.
630
_a
फसलेला क्षण
700
_a
वाळिंबे वि. स.
730
_a
फसलेला क्षण
942
_c
BOOK
999
_c
293376
_d
293376